|
|
|
|
| LEADER |
00000nam0a2200000 4500 |
| 001 |
121806 |
| 005 |
20231031125648.0 |
| 035 |
|
|
|a (RuTPU)RU\TPU\book\131909
|
| 090 |
|
|
|a 121806
|
| 100 |
|
|
|a 20070920d1962 k y0rusy50 ca
|
| 101 |
0 |
|
|a rus
|
| 102 |
|
|
|a AZ
|
| 105 |
|
|
|a y dm 001zy
|
| 200 |
1 |
|
|a Энтальпия образования InP, InAs и InSb
|e автореферат диссертации на соискание ученой степени кандидата химических наук
|f С. Н. Гаджиев
|g Московский государственный университет им. М. В. Ломоносова (МГУ), Химический факультет ; науч. рук. К. А. Шарифов
|
| 210 |
|
|
|a Баку
|c Изд-во АН АзССР
|d 1962
|
| 215 |
|
|
|a 15 с.
|
| 300 |
|
|
|a Защита сост. в апреле 1962 г.
|
| 320 |
|
|
|a Библиогр.: с.15 (6 назв.).
|
| 610 |
1 |
|
|a органическая химия
|
| 610 |
1 |
|
|a химические элементы
|
| 610 |
1 |
|
|a индий
|
| 610 |
1 |
|
|a соединения индия
|
| 610 |
1 |
|
|a калориметрические установки
|
| 610 |
1 |
|
|a измерение
|
| 610 |
1 |
|
|a образование
|
| 610 |
1 |
|
|a энтальпия
|
| 610 |
1 |
|
|a прямой синтез
|
| 610 |
1 |
|
|a авторефераты диссертаций
|
| 675 |
|
|
|a 678(04)
|v 3
|
| 700 |
|
1 |
|a Гаджиев
|b С. Н.
|
| 702 |
|
1 |
|a Шарифов
|b К. А.
|4 727
|
| 712 |
0 |
2 |
|a Московский государственный университет им. М. В. Ломоносова (МГУ)
|b Химический факультет
|2 stltpush
|3 (RuTPU)RU\TPU\col\7
|
| 801 |
|
1 |
|a RU
|b 63413507
|c 20070920
|g PSBO
|
| 801 |
|
2 |
|a RU
|b 63413507
|c 20130723
|g PSBO
|
| 942 |
|
|
|c BK
|